| 000 | 00693cam a22002174a 4500 | ||
|---|---|---|---|
| 020 | _a9781400067640 (alk. paper) | ||
| 082 | 0 | 0 | _a344.730465 |
| 100 | 1 |
_aStern, Gerald M., _d1937- |
|
| 245 | 1 | 4 |
_aThe Scotia widows : _binside their lawsuit against big daddy coal / _cGerald M. Stern. |
| 260 |
_aNew York : _bRandom House, _cc2008. |
||
| 300 |
_axi, 145 p. ; _c22 cm. |
||
| 563 | _aH.B | ||
| 650 | 0 |
_aTrials _991034 |
|
| 650 | 0 |
_aMine explosions _991035 |
|
| 942 |
_2ddc _cBK |
||
| 999 |
_c589224 _d589224 |
||